Di cư - nguyên nhân bất ổn chính trị - an ninh và những phản ứng của các nước EU; Vấn đề cần quan tâm và giải pháp /
Tallennettuna:
| Päätekijä: | |
|---|---|
| Muut tekijät: | |
| Aineistotyyppi: | Artikkeli |
| Kieli: | Vietnamese |
| Aiheet: | |
| Tagit: |
Lisää tagi
Ei tageja, Lisää ensimmäinen tagi!
|
| Thư viện lưu trữ: | Thư viện Trường Đại học Đà Lạt |
|---|
| LEADER | 01007nam a2200301 4500 | ||
|---|---|---|---|
| 001 | DLU210196703 | ||
| 005 | ##20210705 | ||
| 040 | # | # | |a DLU |b vie |
| 041 | # | # | |a vie |
| 044 | # | # | |a vn |
| 100 | # | # | |a Trần Nam Chuân. |
| 245 | # | # | |a Di cư - nguyên nhân bất ổn chính trị - an ninh và những phản ứng của các nước EU; Vấn đề cần quan tâm và giải pháp / |c Trần Nam Chuân, Lê Văn Nam. |
| 653 | # | # | |a Bất ổn |
| 653 | # | # | |a Giải pháp |
| 653 | # | # | |a Khủng hoảng di cư |
| 653 | # | # | |a Liên minh Châu Âu |
| 700 | # | # | |a Lê Văn Nam. |
| 773 | # | # | |t Nghiên cứu Châu Âu |g Số 1(208), 2018, tr. 3-8 |
| 920 | # | # | |a Phòng Tạp chí -- Trung tâm Thông tin - Thư viện Trường Đại học Đà Lạt |
| 933 | # | # | |a XH |
| 994 | # | # | |a DLU |
| 900 | # | # | |a True |
| 911 | # | # | |a Hoàng Thị Huyền |
| 925 | # | # | |a G |
| 926 | # | # | |a A |
| 927 | # | # | |a BB |
| 980 | # | # | |a Thư viện Trường Đại học Đà Lạt |